| 000 | 00000nam 22000008a 4500 |
| 001 | 9.839740 |
| 003 | CaOODSP |
| 005 | 20221107151656 |
| 007 | cr ||||||||||| |
| 008 | 170801s1964 onca o| f000 0 eng d |
| 040 | |aCaOODSP|beng |
| 043 | |an-cn-nt |
| 086 | 1 |aR44-99/1964E-PDF |
| 245 | 00|aPractical programs in industrial arts & related activities |h[electronic resource]. |
| 246 | 13|aPractical programs in industrial arts and related activities |
| 250 | |aExperimental ed. |
| 260 | |aOttawa : |bDepartment of Northern Affairs and National Resources, |c1964. |
| 300 | |avii, 227 p. : |bill. |
| 500 | |aDigitized edition from print [produced by Indigenous and Northern Affairs Canada]. |
| 504 | |aIncludes bibliographical references. |
| 692 | 07|2gccst|aInuit |
| 692 | 07|2gccst|aCurriculum |
| 692 | 07|2gccst|aVocational training |
| 710 | 1 |aCanada. |bIndigenous and Northern Affairs Canada. |
| 710 | 1 |aCanada.|bDepartment of Northern Affairs and National Resources. |
| 794 | |tPractical programs in industrial arts and related activities |w(CaOODSP)9.839738 |
| 856 | 40|qPDF|s126.92|uhttps://publications.gc.ca/collections/collection_2017/aanc-inac/R44-99-1964-eng.pdf |